LEADER 01239cam a22003014a 4500 001 991003475769707536 008 180312s1998 it a b 000 0 eng d 020 $a8870883027 035 $ab14339018-39ule_inst 040 $aBibl. Dip.le Aggr. Matematica e Fisica - Sez. Fisica$beng 082 04$a523.1/12$222 084 $aLC QB857.5.G7 084 $a52.9.512 100 1 $aStraumann, Norbert$040415 245 10$aTopics on gravitational lensing /$cNorbert Straumann, Philippe Jetzer, Jean Kaplan 260 $aNaples :$bBibliopolis,$c1998 300 $axii, 116 p. :$bill. ;$c23 cm 490 0 $aNapoli series on physics and astrophysics ;$vv. 1 504 $aIncludes bibliographical references 650 4$aGravitational lenses 700 1 $aJetzer, Philippe$eauthor$4http://id.loc.gov/vocabulary/relators/aut$062981 700 1 $aKaplan, Jean$eauthor$4http://id.loc.gov/vocabulary/relators/aut$062982 907 $a.b14339018$b12-03-18$c12-03-18 912 $a991003475769707536 945 $aLE006 52.9.51 STR$g1$i2006000179386$lle006$og$pE15.00$q-$rl$s- $t0$u0$v0$w0$x0$y.i15838742$z12-03-18 996 $aTopics on gravitational lensing$91748560 997 $aUNISALENTO 998 $ale006$b12-03-18$cm$da $e $feng$git $h0$i0 LEADER 00675nam a2200193 i 4500 001 991004360436807536 005 20250702092459.0 008 250108s1965 at o er 001 0 eng d 040 $aBibl. Dip.le Aggr. Scienze Giuridiche - Sez. Studi Giuridici$bita$cSocioculturale Scs 041 0 $aeng 082 04$a327.11$223 100 1 $aMillar, T. B.$01636113 245 10$aAustralia's defence /$cT. B. Millar 260 $aMelbourne ; London ; New York :$bMelbourne university press ,$c1965 300 $aX, 198 p., [2] carte di tav. :$bill. ;$c23 cm 651 4$aAustalia$xDifesa militare 912 $a991004360436807536 996 $aAustralia's defence$94306866 997 $aUNISALENTO